| 000 | 00355nam a2200109Ia 4500 | ||
|---|---|---|---|
| 008 | 171211s9999 xx 000 0 und d | ||
| 245 | _aGeometric and Discrete Path Planning for Interactive Virtual Worlds | ||
| 245 | _cMarcelo Kallmann and Mubbasir Kapadia | ||
| 260 | _c2016 | ||
| 650 | _xDesign | ||
| 856 | _uhttp://down.ebook777.com/061/9781627057561.pdf | ||
| 999 |
_c347933 _d347933 |
||